Malware and computer security incidents : (Record no. 56884)
[ view plain ]
| 000 -LEADER | |
|---|---|
| fixed length control field | 00721 a2200193 4500 |
| 008 - FIXED-LENGTH DATA ELEMENTS--GENERAL INFORMATION | |
| fixed length control field | 210825b ||||| |||| 00| 0 eng d |
| 020 ## - INTERNATIONAL STANDARD BOOK NUMBER | |
| International Standard Book Number | 9781629481913 |
| 020 ## - INTERNATIONAL STANDARD BOOK NUMBER | |
| International Standard Book Number | 9781629481920 ebook |
| 050 ## - LIBRARY OF CONGRESS CALL NUMBER | |
| Classification number | QA76.9.A25 |
| Item number | M35 2013 |
| 245 ## - TITLE STATEMENT | |
| Title | Malware and computer security incidents : |
| Remainder of title | handling guides / |
| Statement of responsibility, etc | Mark Borrelli, editor. |
| 260 ## - PUBLICATION, DISTRIBUTION, ETC. (IMPRINT) | |
| Name of publisher, distributor, etc | Nova Publishers, |
| Date of publication, distribution, etc | 2013. |
| Place of publication, distribution, etc | New York : |
| 300 ## - PHYSICAL DESCRIPTION | |
| Extent | 161 pages : |
| Other physical details | illustrations ; |
| Dimensions | 23 cm. |
| 440 ## - SERIES STATEMENT/ADDED ENTRY--TITLE | |
| Title | Computer science, technology and applications |
| 500 ## - GENERAL NOTE | |
| General note | Includes bibliographical references and index. |
| 650 ## - SUBJECT ADDED ENTRY--TOPICAL TERM | |
| Topical term or geographic name as entry element | Computer security. |
| 650 ## - SUBJECT ADDED ENTRY--TOPICAL TERM | |
| Topical term or geographic name as entry element | Malware (Computer software) |
| General subdivision | Prevention. |
| 700 ## - ADDED ENTRY--PERSONAL NAME | |
| Personal name | Borrelli, Mark. |
| Relator term | editor of compilation. |
| 942 ## - ADDED ENTRY ELEMENTS (KOHA) | |
| Item type | Book |
| Source of classification or shelving scheme | Library of Congress Classification |
| Withdrawn status | Lost status | Source of classification or shelving scheme | Damaged status | Not for loan | Collection code | Home library | Current library | Shelving location | Date acquired | Source of acquisition | Cost, normal purchase price | Total Checkouts | Full call number | Barcode | Date last borrowed | Copy number | Price effective from | Koha item type | Date last seen |
|---|---|---|---|---|---|---|---|---|---|---|---|---|---|---|---|---|---|---|---|
| Library of Congress Classification | Non-fiction | Bishop Okullu Memorial Library (Limuru Campus) | Bishop Okullu Memorial Library (Limuru Campus) | General Circulation | 25/08/2021 | PURCHASE | 21692.00 | 1 | QA76.9.A25 M35 2013 | 066583 | 11/05/2023 | 1 | 25/08/2021 | Book | |||||
| Library of Congress Classification | Non-fiction | Nairobi Campus | Nairobi Campus | General Circulation | 25/08/2021 | PURCHASE | 21692.00 | QA76.9.A25 M35 2013 | 066584 | 2 | 25/08/2021 | Book | 25/08/2021 |